000 00780cam a2200301 a 4500
001 465033
003 OSt
005 20180116183026.0
008 860424s1986 nyu 000 1 eng
010 _a 85018318
020 _a0394543963
035 _a(OCoLC)12371273
035 _a(OCoLC)ocm12371273
035 _a(CStRLIN)NYCG86-B41834
035 _a(NNC)465033
040 _c0
050 0 _aPS3562.U26
_bB68 1986
082 0 _a813.54 LUD 1986
_219
090 _bB68 1986
100 1 _aLudlum, Robert,
_d1927-2001.
245 1 4 _aThe Bourne supremacy
_cRobert Ludlum.
250 _a1st Random House ed.
260 _aNew York :
_bRandom House,
_cc1986.
300 _a695 p. ;
_c24 cm.
440 _aThe Bourne supremacy
942 _2ddc
_cBK
999 _c350805
_d350805